000 00279nam a2200121Ia 4500
005 20251222155209.0
008 251222s9999||||xx |||||||||||||| ||spa||
082 _aMAN.89
100 _aMinisterio de Salud
245 0 _aTuberculosis en el PerĂº
264 _bMinsa
942 _cLIB
999 _c40217
_d40217